La vida: una familia puertorriqueña en la cultura de la pobreza: San Juan y Nueva York
Guardat en:
| Autor principal: | |
|---|---|
| Format: | Llibre |
| Idioma: | espanyol |
| Publicat: |
Ciudad de México
Joaquín Mortiz
1969
|
| Matèries: | |
| Etiquetes: |
Afegir etiqueta
Sense etiquetes, Sigues el primer a etiquetar aquest registre!
|
MARC
| LEADER | 00000nam a2200000 a 4500 | ||
|---|---|---|---|
| 001 | UCY7318 | ||
| 003 | CL-VaPUC | ||
| 008 | 950609e19690000MX |||||||||||||||||spa|d | ||
| 082 | 0 | 4 | |a 306.85 |b LEW |2 21 |
| 100 | |a Lewis, Oscar |e author |9 412639 | ||
| 245 | 1 | 3 | |a La vida: una familia puertorriqueña en la cultura de la pobreza: San Juan y Nueva York |
| 300 | |a 646 p | ||
| 942 | |c BK | ||
| 945 | |d 19950609 00:00:00 |a cmena | ||
| 260 | |a Ciudad de México |b Joaquín Mortiz |c 1969 | ||
| 650 | 0 | |a Sociología |9 255410 | |
| 650 | 0 | |a Familias |9 255641 | |
| 650 | 7 | |a MATRIMONIO |2 CL-VaPUC |9 337772 | |
| 650 | 0 | |a Vida familiar |9 308049 | |
| 650 | 0 | |a Problemas sociales |9 258537 | |
| 650 | 0 | |a Pobreza |9 258652 | |
| 650 | 7 | |a DESVENTAJA SOCIAL |2 CL-VaPUC |9 321790 | |
| 650 | 7 | |a CULTURA DE LA POBREZA |2 CL-VaPUC |9 337773 | |
| 651 | 7 | |a SAN JUAN |2 CL-VaPUC |9 254987 | |
| 651 | 7 | |a PUERTO RICO |2 CL-VaPUC |9 254988 | |
| 651 | 0 | |a New York |9 328390 | |
| 583 | |a last modification |c 20180227 05:49:19 |k Rodrigo Vera | ||
| 999 | |c 234726 |d 234724 | ||
| 952 | |0 0 |1 0 |4 0 |6 306_850000000000000_LEW_1969 |7 0 |8 P |9 241381 |a BIBEDU |b BIBEDU |c BIBEDU_PB |d 2019-11-18 |i 1517309 |o 306.85 LEW 1969 |p 1517309 |r 2024-01-25 |w 2019-11-18 |y BK |k EDU | ||
| 952 | |0 0 |1 0 |4 0 |6 306_850000000000000_LEW_1969 |7 0 |8 P |9 241382 |a BIBDER |b BIBDER |d 2019-11-18 |i 1953230 |o 306.85 LEW 1969 |p 1953230 |r 2023-01-25 |w 2019-11-18 |y BK |k DER | ||